| 000 | 00529nam a2200217Ia 4500 | ||
|---|---|---|---|
| 003 | 0100 | ||
| 008 | 130307s9999 xx 000 0 und d | ||
| 020 | _a0631221212 | ||
| 040 | _cARRUPELIB | ||
| 050 | _aBD111.B21 2002 | ||
| 245 | 4 | _aThe Blackwell guide to metaphysics | |
| 260 | _aOxford | ||
| 260 | _bBlackwell Publishers | ||
| 260 | _c2002. | ||
| 300 | _avi | ||
| 300 | _b348 p. 26 cm. | ||
| 440 | _aBlackwell philosophy guides ;v.8 | ||
| 650 | _aMETAPHYSICS | ||
| 700 | _aGale, Richard M. (ed.) | ||
| 942 | 0 | 0 | _01 |
| 999 |
_c93863 _d93863 |
||